טוען...

Abu darril gifari /

מידע ביבליוגרפי
מחבר ראשי: Sahik Muhammed karakunn
פורמט: Printed Book
LEADER 00407nam a2200109Ia 4500
008 150527150527b xxu||||| |||| 00| 0 eng d
082 |a 922 
100 |a Sahik Muhammed karakunn 
245 |c by Sahik Muhammed karakunn  |a Abu darril gifari / 
942 |c BK 
999 |c 170975  |d 170975 
952 |0 0  |1 0  |4 0  |6 922_000000000000000_SHA_A  |7 0  |9 189626  |a ARA  |b ARA  |c ST1  |d 2015-05-27  |i 9512  |l 0  |o 922 SHA/A  |p ARA009512  |r 2015-05-27  |w 2015-05-27  |y BK